Logoja - Tietokilpailu #4 - Statistics

Yleistilastot
  • Tätä visaa on pelattu 204 kertaa
  • Keskiarvotulos 12 / 20
Vastaustilastot
Kuvavisa Vastaus % Oikein
Facebook
99%
Finnair
98%
Fazer
97%
Tesla
95%
Visa
95%
Levi Strauss
91%
Red Bull
90%
IKEA
89%
Louis Vuitton
86%
John Deere
62%
Nintendo
62%
UPS
52%
Air Jordan
50%
Internet Explorer
38%
Best Buy
28%
Fruit of the Loom
19%
NBC
16%
Arm & Hammer
5%
ING
5%
Gerber
4%
Ehtoja vastaavia visoja ei löytynyt
Tulosjakauma
Jokaisen tuloksen saaneiden osuus
Persentiili vastausten määrän mukaan
Tuloshistoriasi
Et ole pelannut tätä visaa